Online katalóg knižníc regiónu Turca

3x Maigret (Record no. 20768)

MARC details
000 -LEADER
fixed length control field 01089nam a22003131i 4500
001 - CONTROL NUMBER
control field 20768
003 - CONTROL NUMBER IDENTIFIER
control field VRT
005 - DATE AND TIME OF LATEST TRANSACTION
control field 20260131123146.0
008 - FIXED-LENGTH DATA ELEMENTS--GENERAL INFORMATION
fixed length control field 240130s1984 xo r 000 slo d
020 ## - INTERNATIONAL STANDARD BOOK NUMBER
Terms of availability 31,-Kčs
035 ## - SYSTEM CONTROL NUMBER
System control number (SVKBBclas03)vtls000165387
039 #9 - LEVEL OF BIBLIOGRAPHIC CONTROL AND CODING DETAIL [OBSOLETE]
Level of rules in bibliographic description 202405030956
Level of effort used to assign nonsubject heading access points AUTHORITY
Level of effort used to assign subject headings 202405030956
Level of effort used to assign classification AUTHORITY
Level of effort used to assign subject headings 202401301107
Level of effort used to assign classification VLOAD
Level of effort used to assign subject headings 201909041309
Level of effort used to assign classification csnk20
040 ## - CATALOGING SOURCE
Original cataloging agency SVKBB
Language of cataloging slo
Transcribing agency SVKBB
Description conventions AACR2
041 1# - LANGUAGE CODE
Language code of text/sound track or separate title slo
Language code of original fre
044 ## - COUNTRY OF PUBLISHING/PRODUCING ENTITY CODE
MARC country code xo
ISO country code SK
080 ## - UNIVERSAL DECIMAL CLASSIFICATION NUMBER
Universal Decimal Classification number 808-3=850
100 1# - MAIN ENTRY--PERSONAL NAME
Personal name Simenon, Georges,
Dates associated with a name 1903-1989
Relator term aut.
245 1# - TITLE STATEMENT
Title 3x Maigret
Statement of responsibility, etc. Georges Simenon; z franc. orig. prel. Jozef Mruškovič, Terézia Černá, Mária Gálová
250 ## - EDITION STATEMENT
Edition statement 1. vyd.
260 ## - PUBLICATION, DISTRIBUTION, ETC.
Place of publication, distribution, etc. Bratislava
Name of publisher, distributor, etc. Slovenské pedagogické nakladateľstvo
Date of publication, distribution, etc. 1984
300 ## - PHYSICAL DESCRIPTION
Extent 357 s.
650 07 - SUBJECT ADDED ENTRY--TOPICAL TERM
Topical term or geographic name entry element romány francúzske
Source of heading or term hŠVKBB
650 07 - SUBJECT ADDED ENTRY--TOPICAL TERM
Topical term or geographic name entry element romány detektívne.
Source of heading or term hŠVKBBB
700 1# - ADDED ENTRY--PERSONAL NAME
Personal name Mruškovič, Jozef,
Relator term prekl.
700 1# - ADDED ENTRY--PERSONAL NAME
Personal name Černá, Terézia,
Dates associated with a name 1927-,
Relator term prekl.
700 1# - ADDED ENTRY--PERSONAL NAME
Personal name Gálová, Mária,
Dates associated with a name 1949-,
Relator term prekl.
942 ## - ADDED ENTRY ELEMENTS (KOHA)
Source of classification or shelving scheme Dewey Decimal Classification
Koha item type Krásna literatúra pre dospelých
Suppress in OPAC No
949 ## - LOCAL PROCESSING INFORMATION (OCLC)
6 270001000209290
a svkbbA 40761
b svkbbm 442231
p 442.231
Holdings
Stav vyradenia Strata Poškodenie Spôsob nadobudnutia Domovská knižnica Aktuálna knižnica Dátum nadobudnutia Total checkouts Čiarový kód exemplára Date last seen Typ exemplára
      Dar Obecná knižnica Horná Štubňa Obecná knižnica Horná Štubňa 31.01.2026   4736200911 31.01.2026 Krásna literatúra pre dospelých
Projekt je podporený Slovenskou asociáciou knižníc
Prevádzkuje Turčianska knižnica Martin 2026